| 000 | 00567nam a22002057a 4500 | ||
|---|---|---|---|
| 999 |
_c939 _d939 |
||
| 001 | 2796 | ||
| 003 | BD-DhUAP | ||
| 005 | 20200129113253.0 | ||
| 008 | 200129s1997 nyua|||| |||| 00| 0 eng d | ||
| 020 | _a9211197392 | ||
| 022 | _202525704 | ||
| 040 |
_aBD-DhUAP _bEng _cBD-DhUAP _dBD-DhUAP |
||
| 082 |
_223 _a338.95 ECO |
||
| 245 | _aEconomic and social survey of Asia and the Pacific, 1997. | ||
| 260 |
_aNew York : _bUN United Nations, _c1997. |
||
| 300 |
_axv, 211 pages ; _c26 cm. |
||
| 650 | _aEconomic development. | ||
| 710 | _aUnited Nations. | ||
| 942 |
_2ddc _cBK |
||